Estudio de la situación actual de la aduana de Guadalajara con un proyecto de mejora a el área de destino de los bienes en propiedad del fisco federal /
Uloženo v:
| Hlavní autor: | |
|---|---|
| Další autoři: | |
| Médium: | Kniha |
| Jazyk: | španělština |
| Témata: | |
| Tagy: |
Žádné tagy, Buďte první, kdo vytvoří štítek k tomuto záznamu!
|
MARC
| LEADER | 00000nam^a2200000^a^4500 | ||
|---|---|---|---|
| 001 | 000168717 | ||
| 005 | 20250521000000.0 | ||
| 009 | 20260310101211.841 | ||
| 037 | |a Acervo ITESO - Biblioteca | ||
| 041 | |a ESP | ||
| 090 | |a CIN. 265 | ||
| 100 | |a Celis Morán, Janette |e (autor) | ||
| 245 | 1 | 0 | |a Estudio de la situación actual de la aduana de Guadalajara con un proyecto de mejora a el área de destino de los bienes en propiedad del fisco federal / |c J. Celis Morán, M. Torres de la Cerda. |
| 264 | |a Guadalajara, México : |b edición de autor, |c 2004 | ||
| 300 | |a 1 disco compacto de computadora | ||
| 336 | |a datos para computadora |b cod |2 rdacontenido | ||
| 337 | |a computadora |b c |2 rdamedio | ||
| 338 | |a disco de computadora |b cd |2 rdasoporte | ||
| 593 | |a Tesis de Lic. en Comercio Internacional | ||
| 649 | |a XX | ||
| 650 | |a Aduanas - |z Guadalajara, Jalisco | ||
| 650 | |a Aduanas - |z Jalisco | ||
| 650 | |a Tiendas Departamentales - |z Guadalajara, Jalisco | ||
| 650 | |a Tiendas Departamentales - |z Jalisco | ||
| 650 | |a Almacenamiento | ||
| 650 | |a Traslado de Mercancías | ||
| 650 | |a Importaciones | ||
| 650 | |a Solución de Problemas | ||
| 650 | |a Proceso Administrativo | ||
| 650 | |a Derecho Procesal Administrativo - |z México | ||
| 650 | |a Recursos (Derecho) - |z México | ||
| 650 | |a Derecho Fiscal - |z México | ||
| 650 | |a Derecho Mercantil - |z México | ||
| 650 | |a Derecho Civil - |z México | ||
| 650 | |a Derecho Privado - |z México | ||
| 650 | |a Administración | ||
| 650 | |a Comercio Internacional | ||
| 650 | |a Economía | ||
| 700 | |a Torres de la Cerda, Marcela |e (autor) | ||
| 910 | |a Fondo General | ||
| 920 | |a Electrónicos - Tesis del ITESO en Disco | ||
| 905 | |a 202 | ||
| 901 | |a 0500105296 |b IT2 |c STS |u 20250521 | ||
| 902 | |a https://opac.biblio.iteso.mx/vufind/Record/000168717 | ||